000 00500nam a2200217Ia 4500
003 0100
008 130303s9999 xx 000 0 und d
020 _a823215180
040 _cARRUPELIB
050 _aP106.R66 1994
100 _aStephen David Ross
245 4 _aThe limits of language
260 _aNew York
260 _bFordham University Press
260 _C1994
300 _axix
300 _b 290p. 22cm
650 _bRahner, Karl
700 _aStephen David Ross
942 0 0 _01
999 _c10086
_d10086